| 000 | 00541nam a2200193Ia 4500 | ||
|---|---|---|---|
| 005 | 20250508154450.0 | ||
| 008 | 008 250505s9999 xx 000 0 eng d | ||
| 037 | _aBooks to be hide in OPAC | ||
| 040 |
_aFEDL _beng _cFEDL |
||
| 041 |
_aeng _2eng |
||
| 084 |
_a370.954, MUK/O _qFEDL |
||
| 100 | _aMukerji S N | ||
| 245 | 0 | _aIntroduction to Indian education | |
| 260 |
_aBaroda, India _bAcharya Book Depot _c1958 |
||
| 300 | _a117p. | ||
| 365 |
_aINR _b6.5 |
||
| 942 |
_cHB _h370.954, MUK/O |
||
| 999 |
_c1350413 _d1350413 |
||